[Event "Bucharest Spring (Women)"]
[Site "Bucharest"]
[Date "2001.04.12"]
[Round "7"]
[White "Teodorescu, Margareta"]
[Black "Vajda, Szidonia"]
[Result "0-1"]
[WhiteElo "2060"]
[BlackElo "2316"]
[PlyCount "56"]
[EventDate "2001.04.06"]
[EventType "tourn"]
[EventRounds "9"]
[EventCountry "ROU"]
[SourceTitle "CBM 081 Extra"]
[Source "ChessBase"]
[SourceDate "2001.05.06"]
[SourceVersion "1"]
[SourceVersionDate "2001.05.06"]
[SourceQuality "1"]

1. e4 c5 2. Nf3 d6 3. d4 cxd4 4. Nxd4 Nf6 5. Nc3 a6 6. g3 g6 7. Bg2 Bg7 8. 0-0 0-0 9. h3 Bd7 10. Be3 Nc6 11. Nde2 b5 12. f4 Rc8 13. Nd5 Nxd5 14. exd5 Na5 15. c3 Nc4 16. Bc1 Qb6+ 17. Kh2 b4 18. Rf3 Bf5 19. Nd4 Be4 20. Rf2 Bxg2 21. Rxg2 Bxd4 22. cxd4 Qb5 23. Re2 Qxd5 24. Rxe7 Rfe8 25. Rxe8+ Rxe8 26. b3 Ne3 27. Bxe3 Rxe3 28. Rc1 Qe4 0-1

[Event "Baile Herculane (Women)"]
[Site "Baile Herculane"]
[Date "1994.??.??"]
[Round "9"]
[White "Teodorescu, Margareta"]
[Black "Duminica, Mariana"]
[Result "0-1"]
[WhiteElo "2095"]
[BlackElo "2100"]
[PlyCount "32"]
[EventDate "1994.??.??"]
[EventType "tourn"]
[EventRounds "11"]
[EventCountry "ROU"]
[SourceTitle "EXT 1997"]
[Source "ChessBase"]
[SourceDate "1996.11.15"]
[SourceVersion "1"]
[SourceVersionDate "1996.11.15"]
[SourceQuality "1"]

1. b4 c6 2. Bb2 Qb6 3. a3 a5 4. c3 d5 5. Qc2 e5 6. e3 Bd6 7. Nf3 Nf6 8. Be2 0-0 9. 0-0 axb4 10. cxb4 Qc7 11. Nc3 e4 12. Nd4 Bxh2+ 13. Kh1 Bg4 14. g3 Bxg3 15. fxg3 Qxg3 16. Bxg4 Nxg4 0-1

[Event "Bucharest-B (Women)"]
[Site "Bucharest"]
[Date "1994.??.??"]
[Round "?"]
[White "Teodorescu, Margareta"]
[Black "Ionescu, Irina"]
[Result "1/2-1/2"]
[WhiteElo "2095"]
[BlackElo "2185"]
[PlyCount "83"]
[EventDate "1994.??.??"]
[EventType "tourn"]
[EventRounds "11"]
[EventCountry "ROU"]
[SourceTitle "EXT 1997"]
[Source "ChessBase"]
[SourceDate "1996.11.15"]
[SourceVersion "1"]
[SourceVersionDate "1996.11.15"]
[SourceQuality "1"]

1. e4 d6 2. d4 Nf6 3. Nc3 e5 4. dxe5 dxe5 5. Qxd8+ Kxd8 6. Bg5 Be6 7. 0-0-0+ Nbd7 8. f3 Bd6 9. Bb5 Kc8 10. Nge2 a6 11. Ba4 Nc5 12. Bb3 Nxb3+ 13. axb3 Nd7 14. Nd5 f6 15. Be3 b5 16. c4 Rb8 17. Nec3 Bc5 18. Bxc5 Nxc5 19. Kc2 bxc4 20. bxc4 c6 21. Ne3 Kc7 22. Ra1 Rb4 23. Na2 Rb3 24. Nc3 Rhb8 25. Rhb1 R8b6 26. Ra3 g6 27. g4 Bf7 28. Rxb3 Nxb3 29. Kd3 Nd4 30. c5 Rb3 31. f4 Ne6 32. fxe5 Nxc5+ 33. Kc2 fxe5 34. Rf1 Be6 35. Rf6 Rb4 36. Rxe6 Nxe6 37. Ncd5+ cxd5 38. Nxd5+ Kd6 39. Nxb4 a5 40. Nd3 Nd4+ 41. Kc3 Nf3 42. h3 1/2-1/2

[Event "Baile Herculane (Women)"]
[Site "Baile Herculane"]
[Date "1994.??.??"]
[Round "1"]
[White "Teodorescu, Margareta"]
[Black "Marin, Irina Luiza"]
[Result "1/2-1/2"]
[WhiteElo "2095"]
[BlackElo "2261"]
[PlyCount "69"]
[EventDate "1994.??.??"]
[EventType "tourn"]
[EventRounds "11"]
[EventCountry "ROU"]
[SourceTitle "EXT 1997"]
[Source "ChessBase"]
[SourceDate "1996.11.15"]
[SourceVersion "1"]
[SourceVersionDate "1996.11.15"]
[SourceQuality "1"]

1. e4 c5 2. Nf3 e6 3. d4 cxd4 4. Nxd4 Nf6 5. Nc3 d6 6. g3 a6 7. Bg2 Qc7 8. Be3 Nc6 9. Nb3 Be7 10. f4 0-0 11. 0-0 Rd8 12. Na4 Nd7 13. c4 b6 14. Qf3 Bb7 15. Rfd1 Rab8 16. Rac1 Nc5 17. Nc3 Bf6 18. Qe2 Nb4 19. Nd4 g6 20. a3 Nc6 21. Nxc6 Bxc6 22. b4 Na4 23. Bd4 Bxd4+ 24. Rxd4 Nxc3 25. Rxc3 a5 26. Rd2 axb4 27. axb4 b5 28. Ra2 bxc4 29. Rxc4 Qb7 30. Qc2 Rdc8 31. Qd2 d5 32. exd5 Bxd5 33. Rxc8+ Rxc8 34. Bxd5 exd5 35. Ra5 1/2-1/2

[Event "Baile Herculane (Women)"]
[Site "Baile Herculane"]
[Date "1994.??.??"]
[Round "6"]
[White "Wagener, Anna"]
[Black "Teodorescu, Margareta"]
[Result "1-0"]
[WhiteElo "2215"]
[BlackElo "2095"]
[PlyCount "105"]
[EventDate "1994.??.??"]
[EventType "tourn"]
[EventRounds "11"]
[EventCountry "ROU"]
[SourceTitle "EXT 1997"]
[Source "ChessBase"]
[SourceDate "1996.11.15"]
[SourceVersion "1"]
[SourceVersionDate "1996.11.15"]
[SourceQuality "1"]

1. e4 c5 2. Nf3 Nc6 3. Bb5 Nd4 4. Nxd4 cxd4 5. 0-0 a6 6. Bd3 d6 7. b3 g6 8. Bb2 Bg7 9. f4 e5 10. c3 Ne7 11. cxd4 exd4 12. Na3 0-0 13. Nc2 Nc6 14. Ba3 Re8 15. Qf3 Qf6 16. Rac1 Bd7 17. Bb2 Rac8 18. Qf2 h5 19. Qg3 Qe7 20. Ba3 Qf6 21. Rce1 Bf8 22. Bb2 h4 23. Qf3 Bg7 24. Bc4 Be6 25. Bd5 Qd8 26. Bxc6 Rxc6 27. Nxd4 Qb6 28. Qf2 Rcc8 29. f5 gxf5 30. exf5 Bxf5 31. Nxf5 Qxf2+ 32. Kxf2 Bxb2 33. Ne7+ Kf8 34. Nxc8 Rxc8 35. Re4 Rc2 36. Ke3 Be5 37. Rxh4 Rxa2 38. Rh3 Rb2 39. Ke2 Rc2 40. Rhf3 Rc7 41. h4 Kg7 42. Rf5 f6 43. g4 Kg6 44. Ke3 Rd7 45. Kd3 Bb2 46. g5 fxg5 47. Rxg5+ Kh6 48. Rff5 Kh7 49. Rh5+ Kg7 50. Rfg5+ Kf8 51. Rg6 Be5 52. Rf5+ Ke8 53. Kc4 1-0

[Event "Bucharest TIT (Women)"]
[Site "Bucharest"]
[Date "1993.??.??"]
[Round "5"]
[White "Cosma, Elena Luminita"]
[Black "Teodorescu, Margareta"]
[Result "1-0"]
[WhiteElo "2325"]
[BlackElo "2095"]
[PlyCount "131"]
[EventDate "1993.??.??"]
[EventType "tourn"]
[EventRounds "12"]
[EventCountry "ROU"]
[EventCategory "1"]
[SourceTitle "EXT 1999"]
[Source "ChessBase"]
[SourceDate "1998.11.16"]
[SourceVersion "1"]
[SourceVersionDate "1998.11.16"]
[SourceQuality "1"]

1. e4 c5 2. Nf3 Nc6 3. d4 cxd4 4. Nxd4 g6 5. c4 Nf6 6. Nc3 Nxd4 7. Qxd4 d6 8. Be2 Bg7 9. Bg5 0-0 10. Qe3 Qa5 11. 0-0 Be6 12. Rac1 Rfe8 13. a3 Qc5 14. Nd5 Qxe3 15. Bxe3 Bxd5 16. exd5 b6 17. Rc2 Rac8 18. Rfc1 Rc7 19. h3 Rec8 20. Bd3 Nd7 21. b4 e6 22. dxe6 fxe6 23. Kf1 Kf7 24. Ke2 Ne5 25. f4 Nxd3 26. Kxd3 h5 27. g3 Bf6 28. a4 Be7 29. b5 Bf6 30. Bd2 Rd7 31. a5 Bd8 32. axb6 Bxb6 33. Bb4 Ke7 34. Kc3 Bc5 35. Kb3 Bxb4 36. Kxb4 Rc5 37. Ra1 Rdc7 38. Rc3 Kd7 39. Rd1 Ke7 40. Rd2 d5 41. Rdc2 Kd6 42. cxd5 Rxc3 43. Rxc3 Rxc3 44. Kxc3 Kxd5 45. Kb4 Kd4 46. Ka5 Kc5 47. g4 hxg4 48. hxg4 Kc4 49. g5 Kc5 50. Ka6 Kc4 51. Kxa7 Kxb5 52. Kb7 Kc5 53. Kc7 e5 54. f5 gxf5 55. g6 e4 56. g7 f4 57. g8Q Kd4 58. Kd6 f3 59. Qd5+ Ke3 60. Ke5 f2 61. Qxe4+ Kd2 62. Qf3 Ke1 63. Qe3+ Kf1 64. Kf4 Kg2 65. Qg3+ Kh1 66. Qh3+ 1-0

[Event "Bucharest TIT (Women)"]
[Site "Bucharest"]
[Date "1993.??.??"]
[Round "2"]
[White "Olarasu, Gabriela"]
[Black "Teodorescu, Margareta"]
[Result "1-0"]
[WhiteElo "2215"]
[BlackElo "2095"]
[PlyCount "29"]
[EventDate "1993.??.??"]
[EventType "tourn"]
[EventRounds "12"]
[EventCountry "ROU"]
[EventCategory "1"]
[SourceTitle "EXT 1999"]
[Source "ChessBase"]
[SourceDate "1998.11.16"]
[SourceVersion "1"]
[SourceVersionDate "1998.11.16"]
[SourceQuality "1"]

1. Nf3 c5 2. g3 d5 3. Bg2 Bf5 4. c4 e6 5. 0-0 Nf6 6. cxd5 exd5 7. d4 Nc6 8. Bg5 h6 9. Bxf6 Qxf6 10. Nc3 cxd4 11. Nxd5 Qd6 12. Nxd4 Nxd4 13. Qxd4 Be7 14. Qxg7 0-0-0 15. Qxf7 1-0

[Event "ROM-chT"]
[Site "Romania"]
[Date "1993.??.??"]
[Round "6"]
[White "Peptan, Corina Isabela"]
[Black "Teodorescu, Margareta"]
[Result "1-0"]
[WhiteElo "2355"]
[BlackElo "2105"]
[PlyCount "61"]
[EventDate "1993.??.??"]
[EventType "team"]
[EventRounds "9"]
[EventCountry "ROU"]
[SourceTitle "EXT 1998"]
[Source "ChessBase"]
[SourceDate "1997.11.17"]
[SourceVersion "1"]
[SourceVersionDate "1997.11.17"]
[SourceQuality "1"]

1. e4 c5 2. Nf3 Nc6 3. Bb5 d6 4. 0-0 g6 5. Re1 Bg7 6. c3 a6 7. Bxc6+ bxc6 8. d3 e6 9. e5 dxe5 10. Nxe5 Qd5 11. Bf4 Ne7 12. Nc4 Qd8 13. Bd6 0-0 14. Bxc5 Rb8 15. Nbd2 Qd7 16. Ne4 Re8 17. Bd6 Rb5 18. Nc5 Qa7 19. d4 Rd8 20. a4 Nf5 21. axb5 cxb5 22. Be5 bxc4 23. Bxg7 Kxg7 24. Qe2 Nd6 25. Qe5+ Kg8 26. Ra4 Qb6 27. Rb4 Qc6 28. Ra1 Bb7 29. f3 Ra8 30. Nxb7 Nxb7 31. Qe4 1-0

[Event "ROM-chT"]
[Site "Romania"]
[Date "1993.??.??"]
[Round "7"]
[White "Teodorescu, Margareta"]
[Black "Agababean, Naira"]
[Result "0-1"]
[WhiteElo "2105"]
[BlackElo "2155"]
[PlyCount "98"]
[EventDate "1993.??.??"]
[EventType "team"]
[EventRounds "9"]
[EventCountry "ROU"]
[SourceTitle "EXT 1998"]
[Source "ChessBase"]
[SourceDate "1997.11.17"]
[SourceVersion "1"]
[SourceVersionDate "1997.11.17"]
[SourceQuality "1"]

1. e4 d6 2. d4 Nf6 3. Nc3 c6 4. Nf3 Bg4 5. Be2 e6 6. Be3 Be7 7. Qd2 0-0 8. 0-0 d5 9. e5 Nfd7 10. a3 c5 11. Rfe1 Nc6 12. h3 Bxf3 13. Bxf3 cxd4 14. Bxd4 Nxd4 15. Qxd4 Bc5 16. Qd2 a6 17. Na4 Ba7 18. Re2 b5 19. Nc3 Rc8 20. Rae1 Nb6 21. b3 Qe7 22. Nb1 Rc6 23. c3 Rfc8 24. Qf4 a5 25. Rd2 Nd7 26. Bd1 Bb8 27. Qd4 g6 28. Kh1 a4 29. f4 axb3 30. Bxb3 Nc5 31. Bc2 Na4 32. Bxa4 Rc4 33. Qf2 Ba7 34. Qf3 bxa4 35. Rb2 Qc7 36. Rb4 Rxb4 37. cxb4 Qc2 38. Rd1 Rc4 39. Rf1 Re4 40. Kh2 Be3 41. Qg4 Qc4 42. Qd1 Bxf4+ 43. Kh1 Rxe5 44. Qf3 Re3 45. Qd1 Rd3 46. Qe1 e5 47. Qf2 d4 48. Qe1 Qc2 49. Qh4 Rd1 0-1

[Event "Bucharest TIT (Women)"]
[Site "Bucharest"]
[Date "1993.??.??"]
[Round "1"]
[White "Teodorescu, Margareta"]
[Black "Velikhanli, Firuza"]
[Result "1-0"]
[WhiteElo "2095"]
[BlackElo "2320"]
[PlyCount "77"]
[EventDate "1993.??.??"]
[EventType "tourn"]
[EventRounds "12"]
[EventCountry "ROU"]
[EventCategory "1"]
[SourceTitle "EXT 1999"]
[Source "ChessBase"]
[SourceDate "1998.11.16"]
[SourceVersion "1"]
[SourceVersionDate "1998.11.16"]
[SourceQuality "1"]

1. e4 c5 2. Nf3 Nc6 3. d4 cxd4 4. Nxd4 e5 5. Nf3 Nf6 6. Nc3 Bb4 7. Qd3 d5 8. Bd2 Bxc3 9. Bxc3 Nxe4 10. Nxe5 Qb6 11. Qe3 Qxe3+ 12. fxe3 Nxc3 13. Nxc6 bxc6 14. bxc3 0-0 15. Rb1 Re8 16. Kd2 Bf5 17. Bd3 Be4 18. Rhg1 c5 19. g3 c4 20. Be2 Re6 21. Rgf1 Rae8 22. Rb7 d4 23. Rbxf7 d3 24. cxd3 cxd3 25. Bd1 Bd5 26. Bb3 Bxb3 27. axb3 Ra6 28. Rd7 Ra2+ 29. Kxd3 Rxh2 30. Rff7 g6 31. c4 Rh3 32. Rg7+ Kh8 33. c5 Rh1 34. c6 Rd1+ 35. Ke2 Rd6 36. Rxh7+ Kg8 37. Rhg7+ Kh8 38. c7 Rde6 39. Rge7 1-0

[Event "Bucharest TIT (Women)"]
[Site "Bucharest"]
[Date "1993.??.??"]
[Round "8"]
[White "Velikhanli, Firuza"]
[Black "Teodorescu, Margareta"]
[Result "1/2-1/2"]
[WhiteElo "2320"]
[BlackElo "2095"]
[PlyCount "50"]
[EventDate "1993.??.??"]
[EventType "tourn"]
[EventRounds "12"]
[EventCountry "ROU"]
[EventCategory "1"]
[SourceTitle "EXT 1999"]
[Source "ChessBase"]
[SourceDate "1998.11.16"]
[SourceVersion "1"]
[SourceVersionDate "1998.11.16"]
[SourceQuality "1"]

1. e4 c5 2. Nf3 Nc6 3. Bb5 g6 4. 0-0 Bg7 5. c3 a6 6. Ba4 b5 7. Bc2 e5 8. d3 d6 9. Be3 Nge7 10. d4 cxd4 11. cxd4 0-0 12. h3 d5 13. dxe5 Nxe5 14. Nxe5 Bxe5 15. Bd4 Bxd4 16. Qxd4 dxe4 17. Qxe4 Bf5 18. Qe2 Bxc2 19. Qxc2 Rc8 20. Qe2 Re8 21. Rd1 Qc7 22. Nc3 Nd5 23. Ne4 Qe5 24. f3 Nf6 25. Nxf6+ Qxf6 1/2-1/2

[Event "ROM-chT"]
[Site "Romania"]
[Date "1992.??.??"]
[Round "?"]
[White "Petrescu, Irina C"]
[Black "Teodorescu, Margareta"]
[Result "1/2-1/2"]
[WhiteElo "2120"]
[BlackElo "2080"]
[PlyCount "72"]
[EventDate "1992.??.??"]
[EventType "team"]
[EventRounds "9"]
[EventCountry "ROU"]
[SourceTitle "EXT 1997"]
[Source "ChessBase"]
[SourceDate "1996.11.15"]
[SourceVersion "1"]
[SourceVersionDate "1996.11.15"]
[SourceQuality "1"]

1. e4 e6 2. d4 d5 3. e5 c5 4. c3 Nc6 5. Nf3 Qb6 6. a3 a5 7. Be2 a4 8. 0-0 Bd7 9. Re1 Na5 10. Nbd2 c4 11. Ng5 Be7 12. f4 Nh6 13. Bh5 g6 14. Bg4 Nxg4 15. Qxg4 h6 16. Ngf3 0-0-0 17. Qg3 Rdg8 18. Nf1 Nb3 19. Rb1 Nxc1 20. Rexc1 g5 21. Ne3 g4 22. Nd2 f6 23. exf6 Bxf6 24. f5 h5 25. Rf1 Bg5 26. fxe6 Qxe6 27. Rfe1 h4 28. Qe5 Qxe5 29. dxe5 Re8 30. Nef1 Bf4 31. Rbd1 Rxe5 32. Rxe5 Bxe5 33. Ne3 Be6 34. Ndf1 Rd8 35. Nc2 Bd6 36. Nfe3 Bc5 1/2-1/2

[Event "Bucharest (Women)"]
[Site "Bucharest"]
[Date "1991.??.??"]
[Round "?"]
[White "Ionita, Mariana"]
[Black "Teodorescu, Margareta"]
[Result "0-1"]
[WhiteElo "2090"]
[BlackElo "2100"]
[PlyCount "100"]
[EventDate "1991.??.??"]
[EventType "tourn"]
[EventRounds "11"]
[EventCountry "ROU"]
[SourceTitle "EXT 1997"]
[Source "ChessBase"]
[SourceDate "1996.11.15"]
[SourceVersion "1"]
[SourceVersionDate "1996.11.15"]
[SourceQuality "1"]

1. Nf3 c5 2. c4 Nc6 3. Nc3 d6 4. g3 g6 5. Bg2 Bg7 6. 0-0 e5 7. d3 Nge7 8. Bd2 0-0 9. Rb1 a6 10. a3 Bd7 11. b4 Rb8 12. Ne1 Nd4 13. bxc5 dxc5 14. Rxb7 Rxb7 15. Bxb7 Qb8 16. Bg2 Qb2 17. Qc1 Qxc3 18. Qxc3 Nxe2+ 19. Kh1 Nxc3 20. Bxc3 Rb8 21. Ba1 Rb3 22. Nc2 Rxd3 23. Be4 Bc6 24. Bxc6 Nxc6 25. Kg2 Na5 26. Ne3 Rxa3 27. Bb2 Rb3 28. Ba1 Nc6 29. Nd5 a5 30. Re1 f6 31. f4 a4 32. Nc3 a3 33. Ne4 a2 34. Re2 Nb4 35. Nxc5 Rb1 36. Bc3 a1Q 37. Bxa1 Rxa1 38. fxe5 fxe5 39. Ne6 Ra7 40. Ra2 Nxa2 41. Kf3 Bf6 42. Kg4 Kf7 43. Nc5 Nb4 44. Ne4 Nc6 45. h4 h5+ 46. Kh3 Nd4 47. g4 Bd8 48. Ng3 hxg4+ 49. Kxg4 Nf5 50. h5 Nh6+ 0-1

[Event "Bucharest (Women)"]
[Site "Bucharest"]
[Date "1991.??.??"]
[Round "?"]
[White "Teodorescu, Margareta"]
[Black "Duminica, Mariana"]
[Result "1/2-1/2"]
[WhiteElo "2100"]
[BlackElo "2110"]
[PlyCount "24"]
[EventDate "1991.??.??"]
[EventType "tourn"]
[EventRounds "11"]
[EventCountry "ROU"]
[SourceTitle "EXT 1997"]
[Source "ChessBase"]
[SourceDate "1996.11.15"]
[SourceVersion "1"]
[SourceVersionDate "1996.11.15"]
[SourceQuality "1"]

1. e4 e5 2. Nf3 Nc6 3. Bb5 a6 4. Ba4 Nf6 5. 0-0 Be7 6. Bxc6 dxc6 7. d3 Bd6 8. Nbd2 0-0 9. Nc4 Nd7 10. Ne3 f6 11. b3 Kh8 12. Bb2 c5 1/2-1/2

[Event "Bydgoszcz (Women)"]
[Site "Bydgoszcz"]
[Date "1979.??.??"]
[Round "8"]
[White "Teodorescu, Margareta"]
[Black "Ioseliani, Nana"]
[Result "1-0"]
[WhiteElo "2110"]
[BlackElo "2240"]
[PlyCount "66"]
[EventDate "1979.??.??"]
[EventType "tourn"]
[EventRounds "15"]
[EventCountry "POL"]
[SourceTitle "EXT 2009"]
[Source "ChessBase"]
[SourceDate "2008.11.26"]
[SourceVersion "1"]
[SourceVersionDate "2008.11.26"]
[SourceQuality "1"]

1. e4 c5 2. Nf3 Nc6 3. d4 cxd4 4. Nxd4 Nf6 5. Nc3 d6 6. Be2 e5 7. Nxc6 bxc6 8. 0-0 Be7 9. Qd3 0-0 10. f4 Rb8 11. fxe5 dxe5 12. Qg3 Qd6 13. Kh1 Kh8 14. Rb1 Rb4 15. Bf3 Qc5 16. a3 Rb7 17. Bg5 h6 18. Bd2 Be6 19. b4 Qd6 20. Be3 Qc7 21. Na4 Rbb8 22. Nc5 Bc4 23. Rfd1 Rbd8 24. Qe1 Rfe8 25. Qc3 Bb5 26. a4 Bxc5 27. Bxc5 Bxa4 28. Rxd8 Qxd8 29. Ra1 Bb5 30. Rxa7 Nd7 31. Be3 Rf8 32. Qd2 Nb6 33. Qxd8 Rxd8 1-0